Aromatic and aliphatic carboxylic acids derivatives

Saved in:
Bibliographic Details
Main Author: Alenezi, Mubarak A.A.A
Format: Book
Language:English
Published: Bratislava STU FCHPT 2010
Online Access:View in OPAC
Tags: Add Tag
No Tags, Be the first to tag this record!

MARC

LEADER 00000nam a2200000 a 4500
005 20260127133929.0
008 101116 2010 xo 000 0 eng d
035 |a vtls010189297 
039 9 |a 201106031117  |b mschk03  |y 201011161153  |z mschk03 
040 |a STUSCHK1  |b slo  |c STUSCHK1  |e AACR2 
100 1 |a Alenezi, Mubarak A.A.A. 
245 1 |a Aromatic and aliphatic carboxylic acids derivatives  |c Mubaraki A.A.A. Alenezi 
260 |a Bratislava  |b STU FCHPT  |c 2010 
300 |a 20 s.  |b il.  |c 30 cm 
500 |a Obháj.: febr. 2010 
500 |a Študijný program: engineering of chemical and environmental technologies 
500 |a Študijný odbor: 5.2.18 chemical technologies 
500 |a Bakalárska práca 
500 |a FCHPT, Oddelenie environmentálneho inžinierstva 
500 |a Evidenčné číslo: 60601 
910 |a SCHK95 
999 |c 287  |d 287